| 000 | 00000nam##2200000za#4500 |
| 001 | 9.697582 |
| 003 | CaOODSP |
| 005 | 20210624235539 |
| 007 | cr ||||||||||| |
| 008 | 150407|1982||||xxc|||||o f|0| 0 eng|d |
| 040 | |aCaOODSP|beng |
| 043 | |an-cn--- |
| 086 | 1 |aA53-1436/1982E-PDF |
| 110 | 1 |aCanada.|bAgriculture Canada.|bResearch Branch. |
| 245 | 10|aEstablishing superior lowbush blueberry fields / |h[electronic resource]|c[by] Ivan Hall and Lewis Aalders, Research Station, Kentville, Nova Scotia and Lloyd Jackson, Experimental Farm, Nappan, Nova Scotia. |
| 250 | |aRevised 1972 |
| 260 | |aOttawa - Ontario : |bAgriculture Canada. |cc1982. |
| 300 | |a6p.|bphotographs |
| 500 | |aHistorical publication digitized by Agriculture and Agri-Food Canada. Original ed.: 1971. |
| 590 | |a13-17-Supp|b2013-07-25 |
| 690 | 07|aFarming|2gcpds |
| 690 | 07|aFruit crops|2gcpds |
| 775 | 08|tBonnes plantations de bleuets nains / |w(CaOODSP)9.642244 |
| 856 | 40|ahttp://publications.gc.ca|qPDF|s319 KB|uhttps://publications.gc.ca/collections/collection_2013/aac-aafc/agrhist/A53-1436-1982-eng.pdf |
| 986 | |a1436 |